000 00805nam a22002297a 4500
999 _c6723
_d6723
003 AR-CdUCM
008 190319b ||||| |||| 00| 0 spa d
040 _aMUNICIPALIDAD PROVINCIAL DEL CUSCO
_cBIBLIOTECA MUNICIPAL DEL CUSCO
041 _heng
082 _a508 /
_bM83
100 _aMorrison, John H.
_918923
245 _aOrgánulos funcionales /
260 _aMadrid :
_bAlhambra,
_c1972.
300 _a125 páginas ;
_bIlustraciones,
_c20 cm.
440 _aExedra - Ciencia técnica ingeniería
_n22
_918924
505 _aLa célula como unidad -- Orgánulos fotosintéticos -- La mitocondria -- Reticulo endoplásmico, aparato de golgi y lisosomas ...
650 _aBiología
_9881
650 _aCitología
_918925
700 _aPérez Silva, Julio
_918926
942 _2ddc
_cLIBROS
945 _aacv